000 00823nam a22002417a 4500
001 48495
003 BD-RjUL
005 20211209054532.0
008 160814s1977 ii ||||| |||| 00| 0 ben d
020 _c : IRs 12.00
035 _a(BD-RjUL)48614
040 _aBD-RjUL
_bben
_cBD-RjUL
041 _aben
082 _223
_a891.44108
_bROK 1977
100 1 _aরায়, মণীন্দ্র
_9146612
245 1 0 _aকাব্যসংগ্রহ /
_cমণীন্দ্র রায়
260 _aকলকাতা :
_bদে'জ পাবলিশিং,
_c১৯৭৭.
300 _a২১১ পৃ. ;
_c২১ সেমি.
504 _aখণ্ড ১---
650 _aবাংলা কবিতা
_vসংগ্রহ
_9146572
650 _aBengali Poetry
_vCollection
_9146573
942 _2ddc
_cBK
999 _c48495
_d48495